[Event "Vienna Chess Open 2016 Group A"]
[Site "Grosser Festsaal im Wiener Rathaus, 1010 Wien"]
[Date "2016.08.23"]
[Round "9"]
[Board "6"]
[White "Vetoshko, Volodymyr"]
[Black "Froewis, Georg"]
[Result "1-0"]
[WhiteElo "2438"]
[BlackElo "2449"]
[PlyCount "111"]
[EventDate "2016.08.16"]
[EventRounds "9"]
[EventCountry "AUT"]

1.e4 e6 2.d4 d5 3.Nd2 Nf6 4.e5 Nfd7 5.Bd3 c5 6.c3 b5 7.Bxb5 Qb6 8.Qa4 a6 9.Be2 Nc6
10.Ngf3 Be7 11.O-O cxd4 12.cxd4 g5 13.Nb3 Qc7 14.Nc5 g4 15.Ne1 Nxd4 16.Qxd4 Bxc5 17.Qxg4
h5 18.Qa4 Qxe5 19.Bf3 Qd4 20.Qc2 Be7 21.Be3 Qf6 22.Nd3 Rg8 23.Kh1 h4 24.Qc6 Rb8 25.Ba7
Bb7 26.Qa4 Rd8 27.Bb6 h3 28.Bxd8 hxg2+ 29.Bxg2 Rxg2 30.Bxe7 d4 31.f3 Rxh2+ 32.Kxh2
Qh6+ 33.Kg3 Qg6+ 34.Kf2 Qxd3 35.Qb3 Qd2+ 36.Kg1 Kxe7 37.Rf2 Qg5+ 38.Rg2 Qd5 39.Qxd5
Bxd5 40.Rd2 Ne5 41.Kf2 Nxf3 42.Rd3 Ne5 43.Rxd4 Kd6 44.b3 Kc5 45.Ke3 Nc6 46.Rc1+ Kb6
47.Rd2 f5 48.Kf4 a5 49.Rc3 Kb5 50.Rxd5+ exd5 51.a4+ Kb6 52.Kxf5 d4 53.Rd3 Kc5 54.Ke4
Kb4 55.Kd5 Nb8 56.Rxd4+ 1-0

[Event "Vienna Chess Open 2016 Group A"]
[Site "Grosser Festsaal im Wiener Rathaus, 1010 Wien"]
[Date "2016.08.23"]
[Round "9"]
[Board "7"]
[White "Baldauf, Marco"]
[Black "Mastrovasilis, Dimitrios"]
[Result "1/2-1/2"]
[WhiteElo "2423"]
[BlackElo "2603"]
[PlyCount "35"]
[EventDate "2016.08.16"]
[EventRounds "9"]
[EventCountry "AUT"]

1.d4 d5 2.c4 c6 3.Nc3 Nf6 4.e3 a6 5.Nf3 b5 6.b3 Bf5 7.Ne5 h6 8.Bd3 Bxd3 9.Nxd3 Nbd7
10.cxd5 cxd5 11.a4 bxa4 12.Nxa4 e6 13.O-O Bd6 14.Ba3 Qb8 15.Bxd6 Qxd6 16.Qc2 O-O 17.Rfc1
Rfb8 18.Nac5 1/2-1/2

[Event "Vienna Chess Open 2016 Group A"]
[Site "Grosser Festsaal im Wiener Rathaus, 1010 Wien"]
[Date "2016.08.23"]
[Round "9"]
[Board "8"]
[White "Dauth, Benjamin"]
[Black "Manolache, Marius"]
[Result "1-0"]
[WhiteElo "2367"]
[BlackElo "2492"]
[PlyCount "93"]
[EventDate "2016.08.16"]
[EventRounds "9"]
[EventCountry "AUT"]

1.e4 c5 2.c3 Nf6 3.e5 Nd5 4.d4 cxd4 5.Qxd4 e6 6.Qe4 d6 7.Nf3 Nd7 8.Nbd2 dxe5 9.Nxe5
a6 10.Nxd7 Bxd7 11.Nf3 Bc6 12.Qd4 Nf6 13.Qxd8+ Rxd8 14.Be2 Bc5 15.O-O Ke7 16.Ne5 Bd5
17.Bf3 h6 18.c4 Bxf3 19.Nxf3 Ne4 20.Be3 Bxe3 21.fxe3 Nd2 22.Nxd2 Rxd2 23.Rf2 Rhd8
24.Re1 e5 25.Kf1 Ke6 26.Rxd2 Rxd2 27.Re2 Rd1+ 28.Re1 Rd2 29.Re2 Rd3 30.Kf2 f5 31.Rc2
e4 32.Ke2 g5 33.Rd2 Rxd2+ 34.Kxd2 f4 35.b4 b6 36.Ke2 Ke5 37.Kf2 a5 38.a3 a4 39.Ke2
Kf5 40.exf4 gxf4 41.g3 f3+ 42.Ke3 h5 43.h3 Kf6 44.c5 bxc5 45.bxc5 Kf5 46.c6 Ke6 47.g4 1-0

[Event "Vienna Chess Open 2016 Group A"]
[Site "Grosser Festsaal im Wiener Rathaus, 1010 Wien"]
[Date "2016.08.23"]
[Round "9"]
[Board "9"]
[White "Ivanov, Mike"]
[Black "Rathnakaran, Kantholi"]
[Result "0-1"]
[WhiteElo "2269"]
[BlackElo "2452"]
[PlyCount "112"]
[EventDate "2016.08.16"]
[EventRounds "9"]
[EventCountry "AUT"]

1.e4 c5 2.Nf3 Nc6 3.d4 cxd4 4.Nxd4 e6 5.Nc3 Qc7 6.f4 a6 7.Nxc6 Qxc6 8.Bd3 d6 9.Qe2
Bd7 10.Bd2 Be7 11.O-O-O b5 12.e5 b4 13.Ne4 d5 14.Ng5 a5 15.Kb1 a4 16.Rc1 Qb6 17.c4
bxc3 18.Rxc3 Rb8 19.Rc2 Bxg5 20.fxg5 Ne7 21.h4 Nf5 22.Bxf5 exf5 23.e6 Qxe6 24.Bf4
Rb4 25.Qd2 Re4 26.Rd1 O-O 27.g3 d4 28.Rc5 Bc6 29.Qa5 Ra8 30.Qc7 Bd5 31.a3 Bb3 32.Rdc1
d3 33.Rc6 Bc2+ 34.Ka1 Qe7 35.R6xc2 dxc2 36.Qxc2 Re1 37.Qxf5 Rxc1+ 38.Bxc1 Qe1 39.Kb1
g6 40.Qc5 Qxg3 41.Qc6 Qd3+ 42.Ka1 Qa6 43.Qd5 Rc8 44.Bd2 Qf1+ 45.Ka2 Qc4+ 46.Qxc4 Rxc4
47.Bc3 Kf8 48.Kb1 Rxh4 49.b3 axb3 50.Kb2 Rg4 51.Bf6 Rg3 52.a4 Ke8 53.a5 Kd7 54.a6
Kc6 55.Bd8 Rd3 56.Ba5 Rd5 0-1

[Event "Vienna Chess Open 2016 Group A"]
[Site "Grosser Festsaal im Wiener Rathaus, 1010 Wien"]
[Date "2016.08.23"]
[Round "9"]
[Board "10"]
[White "Williams, Simon"]
[Black "Sadilek, Peter"]
[Result "1/2-1/2"]
[WhiteElo "2443"]
[BlackElo "2201"]
[PlyCount "144"]
[EventDate "2016.08.16"]
[EventRounds "9"]
[EventCountry "AUT"]

1.d4 Nf6 2.Nf3 e6 3.c4 d5 4.Nc3 c6 5.Bg5 dxc4 6.e4 b5 7.e5 h6 8.Bh4 g5 9.Nxg5 hxg5
10.Bxg5 Nbd7 11.exf6 Qa5 12.Be2 Bb7 13.O-O O-O-O 14.a3 Qc7 15.f4 Nc5 16.dxc5 Bxc5+
17.Kh1 Rxd1 18.Raxd1 Be3 19.h4 Kb8 20.Rf3 Bb6 21.Rff1 e5 22.h5 Be3 23.Bg4 exf4 24.Ne2
Qe5 25.Bxf4 Bxf4 26.Rxf4 Rxh5+ 27.Kg1 Qe3+ 28.Rf2 Rd5 29.Nc3 Rxd1+ 30.Nxd1 Qd4 31.Bh5
c5 32.Nc3 b4 33.Nb5 Qd7 34.Bxf7 Qxf7 35.Nd6 Qf8 36.Nxc4 Bd5 37.Ne5 Kc7 38.f7 Kd6 39.Ng6
Qxf7 40.Rxf7 Bxf7 41.Nf4 bxa3 42.bxa3 Ke5 43.g3 Kd4 44.Kf2 a5 45.Ke2 Kc3 46.Kd1 Kb3
47.Kd2 c4 48.Ne2 Bh5 49.Nd4+ Kb2 50.Nb5 Be8 51.Nc3 Kxa3 52.Kc1 Bg6 53.Ne2 Kb3 54.Nd4+
Kc3 55.Ne2+ Kb4 56.Kb2 a4 57.g4 Bf7 58.g5 a3+ 59.Ka1 Kb3 60.Nd4+ Kc3 61.Nb5+ Kb4 62.Nd4
c3 63.Nc2+ Kb3 64.Nd4+ Kc4 65.Nc2 Kd3 66.Nxa3 Bg6 67.Ka2 Kd2 68.Kb3 Bf7+ 69.Kb4 Ba2
70.g6 Kd3 71.g7 Bg8 72.Kc5 c2 1/2-1/2

[Event "Vienna Chess Open 2016 Group A"]
[Site "Grosser Festsaal im Wiener Rathaus, 1010 Wien"]
[Date "2016.08.23"]
[Round "9"]
[Board "11"]
[White "Trkulja, Goran"]
[Black "Burmakin, Vladimir"]
[Result "1/2-1/2"]
[WhiteElo "2335"]
[BlackElo "2553"]
[PlyCount "48"]
[EventDate "2016.08.16"]
[EventRounds "9"]
[EventCountry "AUT"]

1.Nf3 d5 2.c4 c6 3.e3 Nf6 4.Qc2 g6 5.b3 Bf5 6.d3 Na6 7.a3 dxc4 8.Qxc4 Bg7 9.Bb2 O-O
10.Nbd2 Qd7 11.Be2 Rad8 12.e4 Be6 13.Qc2 Nh5 14.Bxg7 Kxg7 15.Qc3+ f6 16.d4 Nc7 17.g3
Bh3 18.O-O-O Nb5 19.Bxb5 cxb5 20.Kb2 Rc8 21.Qe3 Rc7 22.Rc1 Rfc8 23.d5 a6 24.Nd4 Qd6 1/2-1/2

[Event "Vienna Chess Open 2016 Group A"]
[Site "Grosser Festsaal im Wiener Rathaus, 1010 Wien"]
[Date "2016.08.23"]
[Round "9"]
[Board "12"]
[White "Leenhouts, Koen"]
[Black "Lomineishvili, Maia"]
[Result "1-0"]
[WhiteElo "2491"]
[BlackElo "2331"]
[PlyCount "101"]
[EventDate "2016.08.16"]
[EventRounds "9"]
[EventCountry "AUT"]

1.d4 Nf6 2.c4 g6 3.Nc3 Bg7 4.e4 d6 5.f3 O-O 6.Be3 c5 7.Nge2 Nc6 8.d5 Ne5 9.Ng3 e6
10.Be2 exd5 11.cxd5 a6 12.a4 Bd7 13.h3 b5 14.f4 Nc4 15.Bxc4 bxc4 16.O-O Rb8 17.Rf2
Ne8 18.Qe2 Qh4 19.Nf1 Nc7 20.Qxc4 Rb4 21.Qd3 Rfb8 22.Ra2 Bxc3 23.bxc3 Rxa4 24.Rxa4
Bxa4 25.e5 dxe5 26.Qe4 Bb3 27.Qxe5 Qd8 28.d6 Nb5 29.Bxc5 f6 30.Qe3 Qe8 31.Rd2 Qxe3+
32.Nxe3 Be6 33.Rd3 Rc8 34.c4 Rxc5 35.cxb5 Bd7 36.bxa6 Ra5 37.Nd5 Kf7 38.Nc7 Ra1+ 39.Kh2
Ra2 40.h4 g5 41.fxg5 fxg5 42.hxg5 Kg6 43.Rd5 Kh5 44.Kg3 Ra3+ 45.Kf4 Ra2 46.Re5 Ra4+
47.Ke3 Ra3+ 48.Kd4 Ra4+ 49.Kc3 Ra3+ 50.Kb2 Rd3 51.Rd5 1-0

[Event "Vienna Chess Open 2016 Group A"]
[Site "Grosser Festsaal im Wiener Rathaus, 1010 Wien"]
[Date "2016.08.23"]
[Round "9"]
[Board "13"]
[White "Berescu, Alin-Mile"]
[Black "Mertens, Heiko"]
[Result "1/2-1/2"]
[WhiteElo "2458"]
[BlackElo "2297"]
[PlyCount "58"]
[EventDate "2016.08.16"]
[EventRounds "9"]
[EventCountry "AUT"]

1.d4 Nf6 2.c4 e6 3.Nc3 Bb4 4.Qc2 d5 5.a3 Bxc3+ 6.Qxc3 dxc4 7.Qxc4 O-O 8.Nf3 b6 9.Bg5
Ba6 10.Qc2 Nbd7 11.Rd1 Qc8 12.e4 Bxf1 13.Kxf1 Qb7 14.Re1 c5 15.Bxf6 gxf6 16.e5 cxd4
17.exf6 Nxf6 18.Qd2 Ne4 19.Qxd4 f5 20.h4 Rad8 21.Qe3 Qa6+ 22.Kg1 Qd3 23.Qxd3 Rxd3
24.Re2 Rc8 25.Kh2 Kg7 26.Rhe1 Kf6 27.Ng1 Rd2 28.Nf3 Rxe2 29.Rxe2 e5 1/2-1/2

[Event "Vienna Chess Open 2016 Group A"]
[Site "Grosser Festsaal im Wiener Rathaus, 1010 Wien"]
[Date "2016.08.23"]
[Round "9"]
[Board "14"]
[White "Stanec, Nikolaus"]
[Black "Rubil, Marko"]
[Result "1/2-1/2"]
[WhiteElo "2457"]
[BlackElo "2279"]
[PlyCount "87"]
[EventDate "2016.08.16"]
[EventRounds "9"]
[EventCountry "AUT"]

1.c4 e5 2.d3 Nf6 3.Nf3 Nc6 4.a3 a5 5.b3 d5 6.cxd5 Nxd5 7.Bb2 f6 8.Nbd2 Bc5 9.g3 O-O
10.Bg2 Ba7 11.O-O Be6 12.Ne4 Qe7 13.Rc1 Rad8 14.Qc2 Nd4 15.Nxd4 exd4 16.Nc5 Bxc5 17.Qxc5
Qxc5 18.Rxc5 b6 19.Rc6 Bg4 20.Bxd5+ Rxd5 21.f3 Bh3 22.Rfc1 Rb5 23.Rxc7 Rd8 24.g4 h5
25.Kf2 Rxb3 26.R1c2 hxg4 27.Kg3 Re8 28.fxg4 Re3+ 29.Kf2 Bxg4 30.Bxd4 Rh3 31.Kg2 Rb5
32.Bf2 Rhh5 33.h4 Rhe5 34.e4 Rb3 35.Ra7 Rxd3 36.Rcc7 Bf3+ 37.Kh2 Bxe4 38.Rxg7+ Kh8
39.Rgf7 Kg8 40.Rg7+ Kf8 41.Raf7+ Ke8 42.Rc7 Kf8 43.Rgf7+ Kg8 44.Rg7+ 1/2-1/2

[Event "Vienna Chess Open 2016 Group A"]
[Site "Grosser Festsaal im Wiener Rathaus, 1010 Wien"]
[Date "2016.08.23"]
[Round "9"]
[Board "15"]
[White "Radionov, Timur"]
[Black "Gajek, Radoslaw"]
[Result "0-1"]
[WhiteElo "2285"]
[BlackElo "2434"]
[PlyCount "74"]
[EventDate "2016.08.16"]
[EventRounds "9"]
[EventCountry "AUT"]

1.e4 e5 2.Nf3 Nc6 3.d4 exd4 4.Bc4 Nf6 5.e5 d5 6.Bb5 Ne4 7.Nxd4 Bd7 8.Bxc6 bxc6 9.O-O
Be7 10.f3 Ng5 11.f4 Ne4 12.f5 O-O 13.Nc3 c5 14.Nxe4 dxe4 15.Nb3 Bb5 16.Re1 c4 17.Nd4
Bc5 18.Be3 Bd7 19.Kh1 Re8 20.Bf4 Bc8 21.c3 Bxd4 22.cxd4 Bxf5 23.d5 f6 24.Qd4 fxe5
25.Bxe5 c5 26.dxc6 Qxd4 27.Bxd4 Rec8 28.Rac1 Rxc6 29.b3 Rd8 30.Bc3 cxb3 31.axb3 Rd3
32.Be5 Rxc1 33.Rxc1 Rxb3 34.Kg1 a5 35.Rc7 e3 36.g4 Rb1+ 37.Kg2 Be4+ 0-1

[Event "Vienna Chess Open 2016 Group A"]
[Site "Grosser Festsaal im Wiener Rathaus, 1010 Wien"]
[Date "2016.08.23"]
[Round "9"]
[Board "16"]
[White "Fauland, Alexander"]
[Black "Barle, Janez"]
[Result "0-1"]
[WhiteElo "2431"]
[BlackElo "2289"]
[PlyCount "90"]
[EventDate "2016.08.16"]
[EventRounds "9"]
[EventCountry "AUT"]

1.Nf3 Nc6 2.c4 e5 3.d3 Bb4+ 4.Nc3 f5 5.Bd2 d6 6.a3 Bxc3 7.Bxc3 Nf6 8.e3 O-O 9.Be2
Kh8 10.O-O e4 11.Nd2 exd3 12.Bxd3 Ne5 13.Be2 Qe8 14.Qc2 Bd7 15.Rae1 Qg6 16.f3 Qh6
17.Bd1 Rae8 18.b4 Be6 19.Bb2 Bd7 20.Qc3 d5 21.cxd5 Bb5 22.Be2 Bxe2 23.Rxe2 Nxd5 24.Qc5
Qd6 25.Qd4 Qa6 26.Ree1 Nf6 27.Nb3 b6 28.Rc1 Rf7 29.Rc2 Rd7 30.Qh4 Qd3 31.Rc3 Qe2 32.Ba1
Rd1 33.Qf2 Qxf2+ 34.Kxf2 Nd3+ 35.Ke2 Rxf1 36.Rxd3 Rg1 37.Kf2 Rb1 38.Bd4 Rd8 39.Nd2
Rb2 40.Ke2 Ra2 41.b5 Rd5 42.Rb3 Ne8 43.Kd1 Nd6 44.Kc1 Rxb5 45.Rd3 Kg8 0-1

[Event "Vienna Chess Open 2016 Group A"]
[Site "Grosser Festsaal im Wiener Rathaus, 1010 Wien"]
[Date "2016.08.23"]
[Round "9"]
[Board "17"]
[White "Fuchs, Florian"]
[Black "Carow, Johannes"]
[Result "1/2-1/2"]
[WhiteElo "2274"]
[BlackElo "2423"]
[PlyCount "56"]
[EventDate "2016.08.16"]
[EventRounds "9"]
[EventCountry "AUT"]

1.e4 c5 2.Nf3 e6 3.Nc3 a6 4.d4 cxd4 5.Nxd4 Qc7 6.Bd3 Nf6 7.f4 d6 8.Qf3 Nbd7 9.g4 h6
10.Qh3 e5 11.Nf5 Nc5 12.g5 Nfxe4 13.Nxe4 Nxd3+ 14.cxd3 g6 15.Nf6+ Kd8 16.Qg2 Bxf5
17.Nd5 Qc6 18.Bd2 Be6 19.Ba5+ Kc8 20.Nb6+ Kb8 21.Qxc6 bxc6 22.Nxa8 Kxa8 23.Bc3 Bd5
24.O-O hxg5 25.fxe5 Rh3 26.Rae1 dxe5 27.Rxe5 Bd6 28.Rxd5 cxd5 1/2-1/2

[Event "Vienna Chess Open 2016 Group A"]
[Site "Grosser Festsaal im Wiener Rathaus, 1010 Wien"]
[Date "2016.08.23"]
[Round "9"]
[Board "18"]
[White "Gstach, Jakob"]
[Black "Kilgus, Georg"]
[Result "1-0"]
[WhiteElo "2267"]
[BlackElo "2413"]
[PlyCount "67"]
[EventDate "2016.08.16"]
[EventRounds "9"]
[EventCountry "AUT"]

1.d4 Nf6 2.c4 g6 3.Nc3 d5 4.Nf3 Bg7 5.cxd5 Nxd5 6.e4 Nxc3 7.bxc3 c5 8.h3 O-O 9.Be2
b6 10.Be3 Bb7 11.Qd3 e6 12.O-O cxd4 13.cxd4 Nc6 14.Rad1 Qd6 15.Rd2 Rfd8 16.Bg5 Rd7
17.Rfd1 h6 18.Bh4 g5 19.Bg3 Qe7 20.d5 exd5 21.exd5 Ne5 22.d6 Qe8 23.Nxe5 Bxe5 24.Bxe5
Qxe5 25.Bg4 Rdd8 26.d7 Qe4 27.Qg3 Qf4 28.Qxf4 gxf4 29.Rd6 Kg7 30.R1d4 f3 31.gxf3 b5
32.Bh5 a5 33.Rf4 Ra6 34.Rxf7+ 1-0

[Event "Vienna Chess Open 2016 Group A"]
[Site "Grosser Festsaal im Wiener Rathaus, 1010 Wien"]
[Date "2016.08.23"]
[Round "9"]
[Board "19"]
[White "Tomov, Georgi"]
[Black "Foisor, Cristina"]
[Result "1-0"]
[WhiteElo "2248"]
[BlackElo "2351"]
[PlyCount "99"]
[EventDate "2016.08.16"]
[EventRounds "9"]
[EventCountry "AUT"]

1.d4 g6 2.e4 Bg7 3.Nf3 d6 4.Bc4 e6 5.O-O a6 6.a4 b6 7.Re1 Ne7 8.Nbd2 O-O 9.Nf1 Bb7
10.Ng3 Nd7 11.c3 c5 12.Bb3 Qc7 13.h4 e5 14.Bg5 Rae8 15.d5 c4 16.Bc2 f6 17.Bd2 Nc5
18.h5 Rf7 19.Be3 Bc8 20.hxg6 hxg6 21.Nf1 Bf8 22.N3d2 b5 23.axb5 axb5 24.b3 cxb3 25.Nxb3
Nxb3 26.Bxb3 Qxc3 27.Qb1 Qc7 28.Rc1 Qb8 29.Ra7 f5 30.Rcc7 f4 31.Bd2 f3 32.gxf3 Rxf3
33.Bd1 Rf7 34.Nh2 Nc6 35.Rxc8 Qxc8 36.Rxf7 Kxf7 37.dxc6 Qxc6 38.Qb3+ Ke7 39.Bg4 Qc4
40.Bg5+ Kf7 41.Qf3+ Kg8 42.Bd7 Ra8 43.Ng4 Qf7 44.Nf6+ Kg7 45.Qh3 Qxf6 46.Bxf6+ Kxf6
47.Qe6+ Kg7 48.Bxb5 Ra7 49.Be8 Kh8 50.Bf7 1-0

[Event "Vienna Chess Open 2016 Group A"]
[Site "Grosser Festsaal im Wiener Rathaus, 1010 Wien"]
[Date "2016.08.23"]
[Round "9"]
[Board "20"]
[White "Sowray, Peter"]
[Black "Heinemann, Josefine"]
[Result "0-1"]
[WhiteElo "2348"]
[BlackElo "2231"]
[PlyCount "80"]
[EventDate "2016.08.16"]
[EventRounds "9"]
[EventCountry "AUT"]

1.d4 Nf6 2.c4 g6 3.Nc3 d5 4.e3 Bg7 5.cxd5 Nxd5 6.Nxd5 Qxd5 7.Ne2 O-O 8.Nc3 Qd8 9.Be2
c5 10.d5 e6 11.e4 exd5 12.exd5 b6 13.O-O Bb7 14.Bf3 Nd7 15.d6 Bxf3 16.Qxf3 Ne5 17.Qd5
Qd7 18.Bg5 Nc6 19.Ne4 Rae8 20.Rfe1 Re6 21.Rab1 Rfe8 22.Bd2 h6 23.a3 Kh7 24.Rbd1 f5
25.Nc3 Be5 26.Nb5 a6 27.f4 axb5 28.fxe5 Rxe5 29.Rxe5 Rxe5 30.Qd3 Nd4 31.Kf1 Re4 32.Qh3
h5 33.Qg3 h4 34.Qg5 Qxd6 35.Be3 Kg8 36.Bxd4 cxd4 37.Rc1 d3 38.Rc8+ Kg7 39.Qd2 Rf4+
40.Kg1 Qd4+ 0-1

[Event "Vienna Chess Open 2016 Group A"]
[Site "Grosser Festsaal im Wiener Rathaus, 1010 Wien"]
[Date "2016.08.23"]
[Round "9"]
[Board "21"]
[White "Dedebas, Emre Emin"]
[Black "De Schampheleire, Glen"]
[Result "1-0"]
[WhiteElo "2248"]
[BlackElo "2339"]
[PlyCount "91"]
[EventDate "2016.08.16"]
[EventRounds "9"]
[EventCountry "AUT"]

1.d4 Nf6 2.c4 e6 3.Nf3 b6 4.a3 Bb7 5.Nc3 d5 6.Bg5 Be7 7.Bxf6 Bxf6 8.cxd5 exd5 9.Qa4+
c6 10.g3 O-O 11.Bg2 Nd7 12.O-O a5 13.Qc2 b5 14.Rfd1 Nb6 15.e3 Re8 16.a4 bxa4 17.Nxa4
Nxa4 18.Rxa4 Ba6 19.Qxc6 Bc4 20.Raa1 Qb8 21.Nd2 Be2 22.Rdb1 Bd3 23.Qxd5 Qb4 24.Rd1
Be2 25.Qb7 Qxb7 26.Bxb7 Rab8 27.Re1 Bd3 28.Bc6 Rec8 29.Rec1 Rxb2 30.Nf3 Be2 31.Bb5
Rxc1+ 32.Rxc1 Kf8 33.Rc8+ Ke7 34.Bxe2 Rxe2 35.Ra8 Ra2 36.e4 Kd7 37.Ra7+ Ke8 38.Ra8+
Kd7 39.g4 h6 40.h4 Re2 41.g5 hxg5 42.hxg5 Be7 43.Ne5+ Kd6 44.Ra6+ Kc7 45.Ra7+ Kd6
46.Nc4+ 1-0

[Event "Vienna Chess Open 2016 Group A"]
[Site "Grosser Festsaal im Wiener Rathaus, 1010 Wien"]
[Date "2016.08.23"]
[Round "9"]
[Board "22"]
[White "Yankelevich, Lev"]
[Black "Hovsepyan, Vardan"]
[Result "1-0"]
[WhiteElo "2414"]
[BlackElo "2173"]
[PlyCount "85"]
[EventDate "2016.08.16"]
[EventRounds "9"]
[EventCountry "AUT"]

1.d4 e6 2.e4 d5 3.Nc3 dxe4 4.Nxe4 Nf6 5.Nxf6+ Qxf6 6.Nf3 h6 7.Bd3 c5 8.O-O Nc6 9.Be3
Be7 10.c3 O-O 11.dxc5 e5 12.Qc2 a5 13.Nd2 g5 14.f3 Qg7 15.Bf5 Qf6 16.g4 Kg7 17.Bd3
h5 18.h3 Qh6 19.Kg2 Be6 20.Rh1 h4 21.Rhd1 Rad8 22.Be4 Rd7 23.a3 Bd8 24.Nf1 Rc7 25.Bf2
a4 26.Ne3 Be7 27.Qxa4 Bxc5 28.Nf5+ Bxf5 29.Bxc5 Bxe4 30.Bxf8+ Kxf8 31.Qxe4 Qe6 32.Qd5
Qc8 33.Rd2 Kg7 34.Rad1 f6 35.Qd6 Rf7 36.Qc5 f5 37.Qe3 f4 38.Qe4 Qc7 39.Rd6 Kf8 40.Rh6
Qb6 41.Rh8+ Ke7 42.Qd5 Qc7 43.Qxf7+ 1-0

[Event "Vienna Chess Open 2016 Group A"]
[Site "Grosser Festsaal im Wiener Rathaus, 1010 Wien"]
[Date "2016.08.23"]
[Round "9"]
[Board "23"]
[White "Arkell, Keith"]
[Black "Santagati, Alessandro"]
[Result "1-0"]
[WhiteElo "2464"]
[BlackElo "2271"]
[PlyCount "81"]
[EventDate "2016.08.16"]
[EventRounds "9"]
[EventCountry "AUT"]

1.Nf3 Nf6 2.c4 c5 3.Nc3 e6 4.g3 d5 5.cxd5 Nxd5 6.Bg2 Nc6 7.O-O Be7 8.d4 Nxc3 9.bxc3
O-O 10.Rb1 Bf6 11.Ba3 Be7 12.Qa4 Qc7 13.Bxc5 Bxc5 14.dxc5 Bd7 15.Nd4 Nxd4 16.Qxd4
Bc6 17.Bxc6 bxc6 18.Qd6 Qa5 19.Qxc6 Qxa2 20.Qe4 Rac8 21.Ra1 Qd5 22.Qxd5 exd5 23.Ra5
Rfe8 24.e3 g5 25.Rd1 Re5 26.Rd4 Kg7 27.h4 h6 28.Kg2 Rc6 29.hxg5 hxg5 30.g4 Kg6 31.Kg3
Rc7 32.Kf3 Rb7 33.Rb4 Rxb4 34.cxb4 Re4 35.b5 Rc4 36.c6 Rc5 37.b6 Rxa5 38.b7 Rc5 39.b8=Q
Rxc6 40.Qxa7 Kf6 41.Qd7 1-0

[Event "Vienna Chess Open 2016 Group A"]
[Site "Grosser Festsaal im Wiener Rathaus, 1010 Wien"]
[Date "2016.08.23"]
[Round "9"]
[Board "24"]
[White "Namyslo, Holger"]
[Black "Zawadzka, Jolanta"]
[Result "1/2-1/2"]
[WhiteElo "2267"]
[BlackElo "2439"]
[PlyCount "27"]
[EventDate "2016.08.16"]
[EventRounds "9"]
[EventCountry "AUT"]

1.e4 c5 2.Nf3 Nc6 3.d4 cxd4 4.Nxd4 e6 5.Nc3 Qc7 6.Ndb5 Qb8 7.Be3 a6 8.Bb6 axb5 9.Nxb5
Bb4+ 10.c3 Ba5 11.Nc7+ Qxc7 12.Bxc7 Bxc7 13.Qg4 g6 14.f4 1/2-1/2

[Event "Vienna Chess Open 2016 Group A"]
[Site "Grosser Festsaal im Wiener Rathaus, 1010 Wien"]
[Date "2016.08.23"]
[Round "9"]
[Board "25"]
[White "Larmuseau, Maarten"]
[Black "Sagar, Shah"]
[Result "1-0"]
[WhiteElo "2245"]
[BlackElo "2424"]
[PlyCount "145"]
[EventDate "2016.08.16"]
[EventRounds "9"]
[EventCountry "AUT"]

1.e4 e5 2.Nf3 Nc6 3.Bc4 Bc5 4.c3 Nf6 5.d3 a6 6.a4 Ba7 7.O-O d6 8.Na3 h6 9.Nc2 O-O
10.Ne3 Ne7 11.Nh4 d5 12.exd5 Nfxd5 13.Nxd5 Nxd5 14.Qf3 Qxh4 15.Bxd5 c6 16.Bc4 Bg4
17.Qe4 Qh5 18.h3 Bd7 19.Be3 Bxe3 20.fxe3 Rae8 21.Rf3 Be6 22.Raf1 Bxc4 23.Qxc4 Qg6
24.Rf5 Qe6 25.Qg4 c5 26.Qg3 Re7 27.Rf6 Qd7 28.e4 Re6 29.Qg4 h5 30.Qxe6 Qxe6 31.Rxe6
fxe6 32.Rxf8+ Kxf8 33.Kf2 g5 34.Ke3 Ke7 35.a5 Kd6 36.d4 exd4+ 37.cxd4 Kc6 38.Kd3 Kb5
39.Kc3 Kxa5 40.Kc4 Kb6 41.dxc5+ Kc6 42.Kd4 a5 43.Ke5 Kxc5 44.Kxe6 b5 45.e5 a4 46.Kf6
b4 47.e6 a3 48.bxa3 b3 49.e7 b2 50.e8=Q b1=Q 51.Qe3+ Kd6 52.Qd4+ Kc7 53.Qc5+ Kd8 54.Kxg5
Qa2 55.Qf8+ Kc7 56.Qf3 Qg8+ 57.Kxh5 Qh7+ 58.Kg4 Qg6+ 59.Kh4 Qh6+ 60.Kg3 Qg5+ 61.Kh2
Kd8 62.Qg3 Qd5 63.a4 Ke8 64.Qe1+ Kf7 65.a5 Kf6 66.Qf1+ Kg5 67.a6 Qd6+ 68.Kh1 Qd4 69.Qg1
Qe4 70.a7 Kh4 71.Qf2+ Kg5 72.Qg3+ Kh6 73.Qb8 1-0

[Event "Vienna Chess Open 2016 Group A"]
[Site "Grosser Festsaal im Wiener Rathaus, 1010 Wien"]
[Date "2016.08.23"]
[Round "9"]
[Board "26"]
[White "Praveen Kumar, Chandrasekar"]
[Black "Guido, Flavio"]
[Result "1-0"]
[WhiteElo "2242"]
[BlackElo "2370"]
[PlyCount "47"]
[EventDate "2016.08.16"]
[EventRounds "9"]
[EventCountry "AUT"]

1.d4 Nf6 2.c4 g6 3.Nc3 d5 4.cxd5 Nxd5 5.e4 Nxc3 6.bxc3 Bg7 7.Bc4 c5 8.Ne2 Nc6 9.Be3
O-O 10.O-O Qc7 11.Rb1 e6 12.Bf4 Qe7 13.d5 Rd8 14.dxc6 Rxd1 15.Rfxd1 e5 16.Bg5 Qc7
17.Rd8+ Bf8 18.Rbd1 Rb8 19.Re8 Bg4 20.Rxb8 Qxb8 21.Rd8 Qc7 22.cxb7 Qxb7 23.Bh6 Qb1+
24.Nc1 1-0

[Event "Vienna Chess Open 2016 Group A"]
[Site "Grosser Festsaal im Wiener Rathaus, 1010 Wien"]
[Date "2016.08.23"]
[Round "9"]
[Board "27"]
[White "Schwabeneder, Florian"]
[Black "Horvath, Dominik"]
[Result "0-1"]
[WhiteElo "2369"]
[BlackElo "2247"]
[PlyCount "94"]
[EventDate "2016.08.16"]
[EventRounds "9"]
[EventCountry "AUT"]

1.d4 Nf6 2.Nf3 g6 3.Bf4 Bg7 4.e3 O-O 5.Be2 d6 6.O-O c5 7.h3 Nc6 8.c3 Be6 9.Na3 Qb6
10.Qc1 Rfc8 11.Nc2 Bf5 12.dxc5 Qxc5 13.Ncd4 Be4 14.Nb3 Qb6 15.Bg5 a5 16.Nfd2 Bd5 17.Nd4
a4 18.a3 h6 19.Bh4 Nd7 20.Nc2 g5 21.Bg3 Nc5 22.h4 Be6 23.hxg5 hxg5 24.Nb4 Na5 25.Qd1
Nab3 26.Nxb3 Bxb3 27.Qb1 e6 28.e4 Bf6 29.Re1 Kg7 30.Bg4 Rh8 31.Qc1 Nd7 32.Qe3 Rh7
33.Qxb6 Nxb6 34.Be2 Be7 35.Bd3 Rah8 36.f3 Nc4 37.Bxc4 Bxc4 38.Nc2 Bd8 39.Ne3 Bb6 40.Kf2
f5 41.exf5 exf5 42.Bxd6 f4 43.Be5+ Kg6 44.Bd4 fxe3+ 45.Rxe3 Bxd4 46.cxd4 Rh1 47.Rxh1
Rxh1 0-1

[Event "Vienna Chess Open 2016 Group A"]
[Site "Grosser Festsaal im Wiener Rathaus, 1010 Wien"]
[Date "2016.08.23"]
[Round "9"]
[Board "28"]
[White "Pirrot, Dieter"]
[Black "Stigar, Petter"]
[Result "1/2-1/2"]
[WhiteElo "2367"]
[BlackElo "2236"]
[PlyCount "28"]
[EventDate "2016.08.16"]
[EventRounds "9"]
[EventCountry "AUT"]

1.e4 e5 2.Nf3 Nf6 3.d4 Nxe4 4.Bd3 d5 5.dxe5 Be7 6.O-O Nc5 7.Be2 O-O 8.Nc3 c6 9.Be3
Ne6 10.Qd2 Nd7 11.Rae1 Qc7 12.Bd3 Ndc5 13.Be2 Nd7 14.Bd3 Ndc5 1/2-1/2

[Event "Vienna Chess Open 2016 Group A"]
[Site "Grosser Festsaal im Wiener Rathaus, 1010 Wien"]
[Date "2016.08.23"]
[Round "9"]
[Board "29"]
[White "Newrkla, Katharina"]
[Black "Kokol, Peter"]
[Result "1/2-1/2"]
[WhiteElo "2205"]
[BlackElo "2360"]
[PlyCount "67"]
[EventDate "2016.08.16"]
[EventRounds "9"]
[EventCountry "AUT"]

1.e4 e6 2.d4 c5 3.Nf3 cxd4 4.Nxd4 a6 5.Bd3 Bc5 6.Nb3 Ba7 7.Qe2 Nc6 8.Be3 Bxe3 9.Qxe3
Nge7 10.Nc3 O-O 11.O-O-O Qc7 12.Kb1 b5 13.Be2 d6 14.Rd2 Bd7 15.Rhd1 Nc8 16.e5 d5 17.f4
Nb6 18.Bd3 Rfc8 19.Qh3 g6 20.Ne2 Nb4 21.Nbd4 a5 22.Nf3 Kg7 23.Ng5 Rh8 24.Nd4 h6 25.Ngf3
Nc4 26.Re2 Rhc8 27.Qh4 Nxb2 28.Qf6+ Kg8 29.Bxg6 Be8 30.Nxe6 fxe6 31.Qxe6+ Kf8 32.Qf6+
Kg8 33.Qe6+ Kf8 34.Qf6+ 1/2-1/2